000 00295nam a22001337a 4500
008 170407b xxu||||| |||| 00| 0 eng d
020 _a9780721638461
041 _aeng
080 _a616
100 _a9
101 _aSHM
245 _aPERSPECTIVES PATHOPHYSIOLOGY
_cELLEN.L
942 _2udc
_cBK
999 _c10170
_d10170